000 00479nam a2200157 a 4500
001 000028860
005 20200930055201.0
008 110412s1997 dr a 000 0 spa d
040 _aDO-SdBNP
_bspa
_cBNPHU
100 1 _aCaro Álvarez, José A.
_937866
245 1 0 _aCemíes y triconolítos /
_cJosé A. Caro Álvarez.
260 _aSanto Domingo :
_bMuseo del Hombre Dominicano,
_c1997.
300 _a[36] p. :
_bil. ;
_c22 cm.
504 _aBibliografía : p. 36
049 _aBNPD
999 _c28352
_d28352